[Event "40. Bosna Open 2010"]
[Site "Sarajevo BIH"]
[Date "2010.05.13"]
[Round "9.21"]
[White "Durarbeyli, Vasif"]
[Black "Szabo, Krisztian"]
[Result "1/2-1/2"]
[WhiteElo "2487"]
[BlackElo "2506"]
[PlyCount "90"]
[EventDate "2010.05.05"]
[EventType "swiss"]
[EventRounds "10"]
[EventCountry "BIH"]
[Source "lmi"]
[SourceDate "2010.05.05"]

1. e4 e5 2. Nf3 Nc6 3. Bb5 a6 4. Ba4 Nf6 5. Qe2 b5 6. Bb3 Bc5 7. c3 d6 8. O-O
O-O 9. Rd1 Re8 10. d3 h6 11. h3 Be6 12. Nbd2 Qd7 13. Nf1 Bb6 14. Nh4 Bxb3 15.
axb3 Kh7 16. Qf3 Qe6 17. Ng3 g6 18. Be3 Bxe3 19. fxe3 Ne7 20. d4 c6 21. c4 Neg8
22. d5 Qd7 23. Rf1 bxc4 24. bxc4 cxd5 25. exd5 e4 26. Qf4 Re5 27. Qf2 Rg5 28.
b4 Rc8 29. Nxe4 Nxe4 30. Qxf7+ Qxf7 31. Rxf7+ Kh8 32. b5 axb5 33. cxb5 Rb8 34.
Raa7 Ngf6 35. b6 Rxb6 36. Ra8+ Ng8 37. Kh2 Rb1 38. Raa7 Ngf6 39. Nf3 Rxd5 40.
Ra8+ Ng8 41. Nd4 Nd2 42. Raa7 Nf1+ 43. Kg1 Nxe3+ 44. Kh2 Nf1+ 45. Kg1 Ne3+
1/2-1/2

[Event "40. Bosna Open 2010"]
[Site "Sarajevo BIH"]
[Date "2010.05.13"]
[Round "9.22"]
[White "Tratar, Marko"]
[Black "Ivanisevic, Ivan"]
[Result "1-0"]
[WhiteElo "2507"]
[BlackElo "2630"]
[PlyCount "91"]
[EventDate "2010.05.05"]
[EventType "swiss"]
[EventRounds "10"]
[EventCountry "BIH"]
[Source "lmi"]
[SourceDate "2010.05.05"]

1. Nf3 Nf6 2. c4 g6 3. Nc3 Bg7 4. e4 d6 5. d4 O-O 6. Be2 e5 7. d5 Nh5 8. g3 Nd7
9. Be3 Ndf6 10. h3 c5 11. Kf1 a6 12. Kg2 Bd7 13. a4 Qe7 14. a5 b5 15. axb6 Rfb8
16. Ne1 Rxb6 17. Nd3 Rab8 18. Bf3 Qf8 19. b4 cxb4 20. Bxb6 Rxb6 21. Na4 Rb8 22.
c5 Bb5 23. c6 a5 24. Nab2 Ra8 25. Qb3 Bh6 26. Nc4 Bxc4 27. Qxc4 Bd2 28. Ra2 Bc3
29. Rc1 Bd4 30. c7 Qc8 31. Qc6 Bc3 32. Nxb4 Bxb4 33. Qxa8 Qxa8 34. c8=Q+ Qxc8
35. Rxc8+ Kg7 36. Rac2 Nd7 37. Bxh5 gxh5 38. Ra8 h4 39. Rc7 Nf6 40. Kf3 hxg3
41. fxg3 h5 42. Raa7 Bd2 43. Rxf7+ Kg6 44. Rf8 Be1 45. Ra6 Bb4 46. Rd8 1-0

[Event "40. Bosna Open 2010"]
[Site "Sarajevo BIH"]
[Date "2010.05.13"]
[Round "9.23"]
[White "Mamedov, Nidjat"]
[Black "Runic, Zoran"]
[Result "1-0"]
[WhiteElo "2614"]
[BlackElo "2398"]
[PlyCount "113"]
[EventDate "2010.05.05"]
[EventType "swiss"]
[EventRounds "10"]
[EventCountry "BIH"]
[Source "lmi"]
[SourceDate "2010.05.05"]

1. e4 e6 2. d4 d5 3. Nd2 c5 4. Ngf3 cxd4 5. Nxd4 Nc6 6. Bb5 Bd7 7. Nxc6 bxc6 8.
Bd3 Bd6 9. Qe2 Ne7 10. Nf3 Ng6 11. O-O Qc7 12. Re1 Nf4 13. Bxf4 Bxf4 14. e5 Bh6
15. h4 Rb8 16. b3 Qd8 17. g3 g6 18. Nh2 Bg7 19. Qe3 Qb6 20. Qf4 Qb4 21. c4 h5
22. Nf3 Bh6 23. Ng5 Qe7 24. Rac1 Rb7 25. Rc2 O-O 26. Rec1 a5 27. cxd5 exd5 28.
Qe3 f6 29. exf6 Qxe3 30. fxe3 Rxf6 31. Rf2 Bxg5 32. hxg5 Re6 33. Rf3 Kg7 34.
Rc5 Ra7 35. Kf2 Be8 36. Rf4 Re5 37. Ra4 Rf7+ 38. Rf4 Rfe7 39. Rxa5 Rxe3 40. Rf3
R3e5 41. Rc5 Rxg5 42. a4 Rge5 43. a5 Re1 44. a6 Ra1 45. Re3 Ra2+ 46. Rc2 Rf7+
47. Kg2 Rxc2+ 48. Bxc2 Rf8 49. a7 Bf7 50. Re7 Ra8 51. Rc7 Kf6 52. Rxc6+ Ke5 53.
Rc7 Be8 54. Rg7 Kd6 55. Bxg6 Bd7 56. Kf3 Rxa7 57. Bf5 1-0

[Event "40. Bosna Open 2010"]
[Site "Sarajevo BIH"]
[Date "2010.05.13"]
[Round "9.24"]
[White "Stojanovic, Dalibor"]
[Black "Nikolic, Predrag"]
[Result "1/2-1/2"]
[WhiteElo "2481"]
[BlackElo "2606"]
[PlyCount "47"]
[EventDate "2010.05.05"]
[EventType "swiss"]
[EventRounds "10"]
[EventCountry "BIH"]
[Source "lmi"]
[SourceDate "2010.05.05"]

1. e4 e5 2. Nf3 Nc6 3. Bb5 a6 4. Ba4 Nf6 5. d4 exd4 6. O-O Be7 7. e5 Ne4 8.
Nxd4 O-O 9. Nf5 d5 10. exd6 Bxf5 11. dxe7 Nxe7 12. Bb3 Qxd1 13. Rxd1 Rad8 14.
Re1 Nc6 15. Nc3 Nxc3 16. bxc3 h6 17. Bf4 Rd7 18. Rad1 Rfd8 19. Rxd7 Rxd7 20.
Re8+ Kh7 21. f3 Na5 22. Re5 Nxb3 23. cxb3 Be6 24. Re2 1/2-1/2

[Event "40. Bosna Open 2010"]
[Site "Sarajevo BIH"]
[Date "2010.05.13"]
[Round "9.25"]
[White "Kurajica, Bojan"]
[Black "Huschenbeth, Niclas"]
[Result "0-1"]
[WhiteElo "2548"]
[BlackElo "2457"]
[PlyCount "98"]
[EventDate "2010.05.05"]
[EventType "swiss"]
[EventRounds "10"]
[EventCountry "BIH"]
[Source "lmi"]
[SourceDate "2010.05.05"]

1. Nf3 d5 2. d4 Nf6 3. c4 dxc4 4. e3 e6 5. Bxc4 c5 6. O-O a6 7. Bd3 cxd4 8.
Nxd4 e5 9. Ne2 Bd6 10. Ng3 O-O 11. Nd2 Bc7 12. Qc2 Nc6 13. a3 Be6 14. b4 Rc8
15. Bb2 Bb8 16. Qb1 g6 17. Rd1 Nd7 18. Bc4 Qe7 19. Nge4 Rfd8 20. Qa2 Nf8 21.
Rac1 b5 22. Bxe6 Nxe6 23. Nc3 Qb7 24. Nd5 Ne7 25. Nf6+ Kg7 26. Nde4 Rxc1 27.
Rxc1 Ng8 28. Nh5+ gxh5 29. Ng3 Qd5 30. Qa1 Nf6 31. f4 Kf8 32. Bxe5 Bxe5 33.
Qxe5 Qxe5 34. fxe5 Ng4 35. Nxh5 Nxe5 36. a4 Ng4 37. axb5 axb5 38. e4 Rd4 39. h3
Ne5 40. Nf6 Kg7 41. Rf1 Rxb4 42. Rf5 Nc4 43. Nh5+ Kf8 44. Nf6 Nd6 45. Re5 Kg7
46. Nh5+ Kg6 47. Ng3 Rb1+ 48. Kh2 b4 49. Rd5 Nc4 0-1

[Event "40. Bosna Open 2010"]
[Site "Sarajevo BIH"]
[Date "2010.05.13"]
[Round "9.26"]
[White "Gerzhoy, Leonid"]
[Black "Maiorov, Nikita"]
[Result "0-1"]
[WhiteElo "2469"]
[BlackElo "2544"]
[PlyCount "100"]
[EventDate "2010.05.05"]
[EventType "swiss"]
[EventRounds "10"]
[EventCountry "BIH"]
[Source "lmi"]
[SourceDate "2010.05.05"]

1. d4 Nf6 2. c4 e6 3. Nf3 b6 4. Nc3 Bb4 5. Bg5 Bb7 6. e3 h6 7. Bh4 Bxc3+ 8.
bxc3 d6 9. Bd3 Nbd7 10. O-O g5 11. Bg3 Qe7 12. c5 bxc5 13. Nd2 Nd5 14. e4 Nf4
15. Bxf4 gxf4 16. Rb1 Bc6 17. Nc4 Rd8 18. d5 Ba8 19. Re1 Kf8 20. Bf1 exd5 21.
exd5 Qg5 22. Nd2 Qxd5 23. Qc2 Rg8 24. f3 Nf6 25. Rbd1 Qh5 26. Qa4 Bxf3 27. Qxf4
Bxd1 28. Qxf6 Re8 29. Rxe8+ Kxe8 30. Ne4 Qg6 31. Qh4 Kf8 32. Nf6 Rh8 33. Nd5
Qg5 34. Qe4 Bc2 35. Qf3 Kg7 36. Nxc7 Rb8 37. Nb5 Qe5 38. h4 a6 39. Na3 Bg6 40.
Nc4 Qf6 41. Qg3 Rb1 42. Ne3 h5 43. a4 d5 44. Qf2 Qxf2+ 45. Kxf2 d4 46. cxd4
cxd4 47. Nd5 d3 48. Ne3 Rc1 49. g3 Be4 50. a5 Kf6 0-1

[Event "40. Bosna Open 2010"]
[Site "Sarajevo BIH"]
[Date "2010.05.13"]
[Round "9.27"]
[White "Pruijssers, Roeland"]
[Black "Bindrich, Falko"]
[Result "1-0"]
[WhiteElo "2443"]
[BlackElo "2539"]
[PlyCount "71"]
[EventDate "2010.05.05"]
[EventType "swiss"]
[EventRounds "10"]
[EventCountry "BIH"]
[Source "lmi"]
[SourceDate "2010.05.05"]

1. e4 c5 2. Nf3 d6 3. d4 cxd4 4. Nxd4 Nf6 5. Nc3 a6 6. Be3 e5 7. Nb3 Be6 8. Qd2
Be7 9. f3 h5 10. a4 Nbd7 11. a5 O-O 12. Be2 Qc7 13. O-O Rfd8 14. Kh1 b5 15.
axb6 Nxb6 16. Rxa6 Rxa6 17. Bxa6 d5 18. Nb5 Qb8 19. Na5 Bd7 20. Qe2 d4 21. Bd2
Na4 22. Nb7 Rc8 23. b3 Qa8 24. N5d6 Rxc2 25. Bc4 Nb2 26. Bxf7+ Kh7 27. Rc1 Qb8
28. g4 Bxd6 29. g5 d3 30. Qf2 Qxb7 31. gxf6 Bg4 32. Bd5 Qb4 33. Rxc2 dxc2 34.
fxg7 c1=Q+ 35. Bxc1 Kxg7 36. fxg4 1-0

[Event "40. Bosna Open 2010"]
[Site "Sarajevo BIH"]
[Date "2010.05.13"]
[Round "9.28"]
[White "Panarin, Mikhail"]
[Black "Kantorik, Marian"]
[Result "1-0"]
[WhiteElo "2521"]
[BlackElo "2390"]
[PlyCount "105"]
[EventDate "2010.05.05"]
[EventType "swiss"]
[EventRounds "10"]
[EventCountry "BIH"]
[Source "lmi"]
[SourceDate "2010.05.05"]

1. e4 Nf6 2. e5 Nd5 3. d4 d6 4. Nf3 Bg4 5. Be2 e6 6. O-O Be7 7. c4 Nb6 8. Nc3
O-O 9. Be3 d5 10. c5 Bxf3 11. gxf3 Nc8 12. f4 Nc6 13. Bd3 g6 14. Kh1 Kh8 15.
Rg1 Rg8 16. Qf3 f5 17. a3 Bf8 18. b4 N8e7 19. Qd1 Bg7 20. Nb1 Rf8 21. Nd2 Ng8
22. Nf3 Nh6 23. b5 Na5 24. Qa4 b6 25. Bd2 Nf7 26. Bxa5 bxa5 27. Qxa5 Bh6 28.
Qd2 Rg8 29. Ng5 Qe7 30. Rab1 Bxg5 31. fxg5 h6 32. h4 hxg5 33. hxg5 Kg7 34. f4
Rh8+ 35. Kg2 Rh4 36. Rh1 Rah8 37. Rxh4 Rxh4 38. Rh1 Rxh1 39. Kxh1 Qe8 40. Kg2
Qh8 41. Be2 Qb8 42. a4 Nd8 43. a5 Kf7 44. Qc3 Kg7 45. c6 Nf7 46. Qc5 Qh8 47. b6
axb6 48. axb6 cxb6 49. Qc1 Qh4 50. c7 Nxg5 51. fxg5 f4 52. c8=Q Qg3+ 53. Kf1
1-0

[Event "40. Bosna Open 2010"]
[Site "Sarajevo BIH"]
[Date "2010.05.13"]
[Round "9.29"]
[White "Djurovic, Goran"]
[Black "Prohaszka, Peter"]
[Result "0-1"]
[WhiteElo "2318"]
[BlackElo "2510"]
[PlyCount "101"]
[EventDate "2010.05.05"]
[EventType "swiss"]
[EventRounds "10"]
[EventCountry "BIH"]
[Source "lmi"]
[SourceDate "2010.05.05"]

1. d4 c6 2. c4 d5 3. e3 Nf6 4. Nf3 g6 5. Nc3 Bg7 6. Bd3 O-O 7. O-O e6 8. e4
dxe4 9. Bxe4 Nbd7 10. Bc2 b6 11. Bf4 Ba6 12. Bb3 c5 13. Bd6 Re8 14. dxc5 Nxc5
15. Bxc5 bxc5 16. Qxd8 Rexd8 17. Rfd1 Bb7 18. Rxd8+ Rxd8 19. Rd1 Rxd1+ 20. Bxd1
Ne4 21. Nxe4 Bxe4 22. b3 Bb1 23. Ne1 Be4 24. Bc2 Bb7 25. Bd1 Bf8 26. Bf3 Bc8
27. Bc6 Bd6 28. Nd3 e5 29. f3 Bf5 30. Be4 Bc8 31. Kf2 f5 32. Bd5+ Kg7 33. g3
Kf6 34. Kg2 Bd7 35. h3 Bc8 36. Nf2 h5 37. Nd3 a5 38. Bc6 Kg5 39. Bd5 h4 40. g4
e4 41. f4+ Bxf4 42. Nxc5 Be3 43. Bb7 Bxc5 44. Bxc8 Kf6 45. gxf5 gxf5 46. Bd7
Ke5 47. Be8 Kd4 48. Bh5 Ke3 49. Bd1 f4 50. Kf1 f3 51. b4 0-1

[Event "40. Bosna Open 2010"]
[Site "Sarajevo BIH"]
[Date "2010.05.13"]
[Round "9.30"]
[White "Rapport, Richard"]
[Black "Lejlic, Samir"]
[Result "1-0"]
[WhiteElo "2509"]
[BlackElo "2362"]
[PlyCount "57"]
[EventDate "2010.05.05"]
[EventType "swiss"]
[EventRounds "10"]
[EventCountry "BIH"]
[Source "lmi"]
[SourceDate "2010.05.05"]

1. d4 d5 2. c4 Bf5 3. cxd5 Bxb1 4. Qa4+ c6 5. dxc6 Nxc6 6. Rxb1 e5 7. Bd2 exd4
8. g3 Bc5 9. Bg2 Nge7 10. Nh3 O-O 11. Nf4 Bb6 12. O-O Re8 13. Rbc1 Qd7 14. Rfe1
Rad8 15. Qb5 Qd6 16. a4 d3 17. e3 Ng6 18. Bxc6 Nxf4 19. Bxe8 Ne2+ 20. Kg2 Nxc1
21. Rxc1 a6 22. Bxf7+ Kxf7 23. Qb3+ Qd5+ 24. Qxd5+ Rxd5 25. f4 Bd8 26. Kf3 Bf6
27. Rc7+ Ke6 28. Rxb7 Rc5 29. Ke4 1-0

[Event "40. Bosna Open 2010"]
[Site "Sarajevo BIH"]
[Date "2010.05.13"]
[Round "9.31"]
[White "Vuckovic, Bojan"]
[Black "Urosevic, Aleksandar"]
[Result "1-0"]
[WhiteElo "2640"]
[BlackElo "2240"]
[PlyCount "79"]
[EventDate "2010.05.05"]
[EventType "swiss"]
[EventRounds "10"]
[EventCountry "BIH"]
[Source "lmi"]
[SourceDate "2010.05.05"]

1. e4 c5 2. Nf3 e6 3. d4 cxd4 4. Nxd4 a6 5. Nc3 b5 6. Bd3 Bb7 7. O-O Nc6 8.
Nxc6 Bxc6 9. Qe2 Ne7 10. Bd2 b4 11. Nd1 a5 12. Ne3 Ng6 13. f4 Bc5 14. Kh1 Qc7
15. Nc4 O-O 16. f5 exf5 17. Rxf5 d6 18. Raf1 Rae8 19. Qg4 Re7 20. Be3 Bxe3 21.
Nxe3 Ne5 22. Qg3 Re6 23. Rg5 Rg6 24. h4 Qd8 25. Rxg6 hxg6 26. Qf4 Qe7 27. Be2
Qe6 28. Rd1 Qxa2 29. Rxd6 Re8 30. h5 Bb7 31. hxg6 fxg6 32. Rd7 Nxd7 33. Bc4+
Qxc4 34. Nxc4 Rxe4 35. Qc7 Ba6 36. Nd6 Re1+ 37. Kh2 Nf6 38. Qxa5 Bf1 39. Qxb4
Re2 40. Kg1 1-0

[Event "40. Bosna Open 2010"]
[Site "Sarajevo BIH"]
[Date "2010.05.13"]
[Round "9.32"]
[White "Petrosian, Davit G"]
[Black "Stojanovic, Andjelija"]
[Result "1-0"]
[WhiteElo "2490"]
[BlackElo "2305"]
[PlyCount "111"]
[EventDate "2010.05.05"]
[EventType "swiss"]
[EventRounds "10"]
[EventCountry "BIH"]
[Source "lmi"]
[SourceDate "2010.05.05"]

1. e4 d6 2. d4 Nf6 3. Nc3 e5 4. Nf3 Nbd7 5. Bc4 Be7 6. O-O O-O 7. Re1 c6 8. a4
a5 9. h3 Nb6 10. Bf1 exd4 11. Nxd4 d5 12. e5 Ne8 13. g3 g6 14. Bg2 Ng7 15. b3
Nd7 16. Bh6 Nc5 17. Qd2 Nce6 18. Nce2 Bg5 19. Bxg5 Nxg5 20. Nf4 N5e6 21. Rad1
Nxd4 22. Qxd4 Ne6 23. Qe3 Qe7 24. Nd3 Ng7 25. Qb6 Bf5 26. Nc5 Ne6 27. Nxe6 Bxe6
28. f4 h5 29. Kh2 Rfd8 30. Bf3 Kg7 31. Qf2 Rd7 32. Be2 c5 33. Bb5 Rdd8 34. Bd3
f5 35. exf6+ Qxf6 36. Qxc5 h4 37. Qc7+ Rd7 38. Qe5 Qxe5 39. Rxe5 hxg3+ 40. Kxg3
Kf6 41. h4 Bf7 42. Rde1 Rg8 43. Kf3 Rh8 44. Kg3 Rg8 45. Rg5 b6 46. Re2 Rc7 47.
Rf2 Be6 48. f5 gxf5 49. Bxf5 Rxg5+ 50. hxg5+ Ke5 51. Bxe6 Kxe6 52. Kg4 Ke5 53.
g6 Kd4 54. Kg5 Ke3 55. Rg2 Kf3 56. Rd2 1-0

[Event "40. Bosna Open 2010"]
[Site "Sarajevo BIH"]
[Date "2010.05.13"]
[Round "9.33"]
[White "Van Eijk, Sander"]
[Black "Bogut, Zeljko"]
[Result "1-0"]
[WhiteElo "2353"]
[BlackElo "2468"]
[PlyCount "91"]
[EventDate "2010.05.05"]
[EventType "swiss"]
[EventRounds "10"]
[EventCountry "BIH"]
[Source "lmi"]
[SourceDate "2010.05.05"]

1. e4 d6 2. d4 Nf6 3. Nc3 c6 4. f4 Qa5 5. Bd3 e5 6. Nf3 Nbd7 7. O-O Be7 8. Qe1
Qc7 9. Kh1 O-O 10. dxe5 dxe5 11. f5 b5 12. a3 Re8 13. Qg3 Bb7 14. Qh3 a5 15. b3
b4 16. axb4 axb4 17. Rxa8 Rxa8 18. Nd1 c5 19. Nd2 Nb6 20. Ne3 Ra1 21. Qf3 Ne8
22. Bb2 Rxf1+ 23. Qxf1 Bg5 24. Nec4 Bxd2 25. Nxd2 f6 26. Nc4 Nd6 27. Nxd6 Qxd6
28. Bc1 Qd4 29. Qe1 Qa1 30. Qg1 Nd7 31. Be3 Qa8 32. Qd1 Kh8 33. Qh5 Qf8 34. Bb5
Qe7 35. Qd1 Nf8 36. Qd3 g6 37. Bh6 gxf5 38. exf5 e4 39. Qd2 Bc8 40. Qd5 Bb7 41.
Bxf8 Qxf8 42. Qxb7 Qd8 43. Qd7 Qb6 44. Qe7 h5 45. Qe8+ Kg7 46. Bc4 1-0

[Event "40. Bosna Open 2010"]
[Site "Sarajevo BIH"]
[Date "2010.05.13"]
[Round "9.34"]
[White "Rasidovic, Sead"]
[Black "Manik, Mikulas"]
[Result "1/2-1/2"]
[WhiteElo "2348"]
[BlackElo "2440"]
[PlyCount "107"]
[EventDate "2010.05.05"]
[EventType "swiss"]
[EventRounds "10"]
[EventCountry "BIH"]
[Source "lmi"]
[SourceDate "2010.05.05"]

1. e4 c5 2. Nf3 d6 3. d4 cxd4 4. Nxd4 Nf6 5. Nc3 Nc6 6. f3 e5 7. Nb3 Be6 8. Be3
Be7 9. Qd2 a5 10. Bb5 O-O 11. Rd1 Na7 12. Be2 Nc8 13. Qd3 Qc7 14. Nb5 Qc6 15.
c4 Nb6 16. Na3 a4 17. Nd2 Nh5 18. g3 g6 19. O-O Bh3 20. Rf2 f5 21. exf5 gxf5
22. f4 Nf6 23. Qc3 Ng4 24. Bxg4 Bxg4 25. Rc1 Bf6 26. Qd3 e4 27. Qf1 Nd7 28. h3
Bh5 29. g4 fxg4 30. hxg4 Bxg4 31. Qg2 h5 32. Nxe4 Bh4 33. Rd2 Rae8 34. Rd5 Nf6
35. Nxf6+ Rxf6 36. Nc2 Rg6 37. Nd4 Qd7 38. Bf2 Bf5 39. Nxf5 Bxf2+ 40. Kxf2
Rxg2+ 41. Kxg2 Qe6 42. Rg1 Qe2+ 43. Kh3+ Kf8 44. Rg6 Qf1+ 45. Kh4 Qxf4+ 46.
Kxh5 Re5 47. Rf6+ Ke8 48. Rxe5+ Qxe5 49. Kg6 Qxb2 50. Rxd6 Qxa2 51. Ng7+ Kf8
52. Nf5 Qg2+ 53. Kf6 Qb2+ 54. Kg6 1/2-1/2

[Event "40. Bosna Open 2010"]
[Site "Sarajevo BIH"]
[Date "2010.05.13"]
[Round "9.35"]
[White "Mufic, Goran"]
[Black "Bitalzadeh, Ali"]
[Result "1/2-1/2"]
[WhiteElo "2312"]
[BlackElo "2420"]
[PlyCount "120"]
[EventDate "2010.05.05"]
[EventType "swiss"]
[EventRounds "10"]
[EventCountry "BIH"]
[Source "lmi"]
[SourceDate "2010.05.05"]

1. d4 Nf6 2. Nf3 g6 3. Nbd2 d5 4. e3 Bg7 5. b4 a5 6. b5 c5 7. bxc6 bxc6 8. Be2
O-O 9. O-O c5 10. c3 Bf5 11. Ne5 Nfd7 12. Nxd7 Nxd7 13. Bf3 cxd4 14. cxd4 Nb6
15. Ba3 Qd7 16. Rc1 Rfb8 17. Nb3 Qd8 18. Nc5 Ra7 19. Na4 Nc4 20. Bc5 Rd7 21.
Be2 e5 22. dxe5 Bxe5 23. Bd4 Qh4 24. Bxe5 Nxe5 25. Qd4 Qxd4 26. exd4 Nc4 27. g4
Be6 28. Nc5 Rd6 29. Nxe6 fxe6 30. Bxc4 dxc4 31. Rxc4 Rb4 32. Rc7 Rbxd4 33. h3
Rd7 34. Rxd7 Rxd7 35. Re1 Kf7 36. Re5 Rd3 37. Rxa5 Rxh3 38. Kg2 Rd3 39. g5 Kg8
40. Ra7 Rd5 41. f4 e5 42. Kf3 exf4 43. Kxf4 Rd4+ 44. Ke3 Rd5 45. Kf4 Rd4+ 46.
Ke5 Rg4 47. Kf6 Rf4+ 48. Ke6 Rf5 49. a4 Rxg5 50. a5 Rg1 51. a6 Re1+ 52. Kd6 Ra1
53. Ke5 h5 54. Kf6 h4 55. Kxg6 Rg1+ 56. Kf5 h3 57. Rb7 h2 58. a7 Ra1 59. Rb1
Rxa7 60. Rh1 Ra2 1/2-1/2

[Event "40. Bosna Open 2010"]
[Site "Sarajevo BIH"]
[Date "2010.05.13"]
[Round "9.36"]
[White "Willemze, Thomas"]
[Black "Estrada Nieto, Julian"]
[Result "1-0"]
[WhiteElo "2408"]
[BlackElo "2304"]
[PlyCount "71"]
[EventDate "2010.05.05"]
[EventType "swiss"]
[EventRounds "10"]
[EventCountry "BIH"]
[Source "lmi"]
[SourceDate "2010.05.05"]

1. e4 e5 2. Nf3 Nc6 3. Nc3 Nf6 4. Bb5 Bb4 5. O-O O-O 6. d3 Bxc3 7. bxc3 d6 8.
Re1 h6 9. h3 Re8 10. a4 Bd7 11. Nh4 a6 12. Bc4 Be6 13. Bxe6 Rxe6 14. Nf5 d5 15.
Qf3 dxe4 16. Qg3 Ne8 17. Nxh6+ Kf8 18. Ba3+ Nd6 19. Nf5 Rg6 20. Qh4 Qxh4 21.
Nxh4 Re6 22. Rxe4 Kg8 23. Re3 Rae8 24. Rb1 b6 25. g4 f6 26. Nf5 Nf7 27. Rbe1 g6
28. Nd4 Nxd4 29. cxd4 Rd8 30. dxe5 Nxe5 31. Kg2 Rc6 32. R1e2 Rd4 33. g5 Rxa4
34. Bb2 Ra2 35. Bxe5 fxe5 36. Rxe5 1-0

[Event "40. Bosna Open 2010"]
[Site "Sarajevo BIH"]
[Date "2010.05.13"]
[Round "9.37"]
[White "Ganaus, Hannes"]
[Black "Rachela, Milan"]
[Result "0-1"]
[WhiteElo "2297"]
[BlackElo "2400"]
[PlyCount "34"]
[EventDate "2010.05.05"]
[EventType "swiss"]
[EventRounds "10"]
[EventCountry "BIH"]
[Source "lmi"]
[SourceDate "2010.05.05"]

1. d4 Nf6 2. c4 e6 3. Nc3 Bb4 4. e3 c5 5. Nge2 cxd4 6. exd4 O-O 7. c5 e5 8.
dxe5 Ne4 9. Qd4 Nxc5 10. Ng3 Nc6 11. Qd5 Qa5 12. Bd2 Nxe5 13. O-O-O d6 14. Nge4
Be6 15. Qd4 Bxa2 16. Nxc5 Bxc5 17. Nb5 Qxb5 0-1

[Event "40. Bosna Open 2010"]
[Site "Sarajevo BIH"]
[Date "2010.05.13"]
[Round "9.38"]
[White "Gislason, Gudmundur"]
[Black "Plenca, Julijan"]
[Result "0-1"]
[WhiteElo "2372"]
[BlackElo "2286"]
[PlyCount "48"]
[EventDate "2010.05.05"]
[EventType "swiss"]
[EventRounds "10"]
[EventCountry "BIH"]
[Source "lmi"]
[SourceDate "2010.05.05"]

1. Nf3 d5 2. d4 Nf6 3. c4 c6 4. e3 e6 5. Nc3 Nbd7 6. Bd3 Bd6 7. cxd5 exd5 8.
Qc2 O-O 9. g4 g6 10. h3 Re8 11. Bd2 b5 12. g5 Nh5 13. Ne2 Qb6 14. Nh2 c5 15.
dxc5 Nxc5 16. Ng4 d4 17. Nxd4 Bb7 18. O-O Rac8 19. Bxb5 Ne4 20. Bc3 Nxg5 21. f4
Nxh3+ 22. Kh2 Rxe3 23. Nxe3 N3xf4 24. Rxf4 Nxf4 0-1

[Event "40. Bosna Open 2010"]
[Site "Sarajevo BIH"]
[Date "2010.05.13"]
[Round "9.39"]
[White "Popovic, Zoran"]
[Black "Drljevic, Ljilja"]
[Result "1/2-1/2"]
[WhiteElo "2369"]
[BlackElo "2218"]
[PlyCount "100"]
[EventDate "2010.05.05"]
[EventType "swiss"]
[EventRounds "10"]
[EventCountry "BIH"]
[Source "lmi"]
[SourceDate "2010.05.05"]

1. d4 Nf6 2. c4 g6 3. Nc3 Bg7 4. e4 d6 5. Nf3 O-O 6. Be2 e5 7. O-O Na6 8. Re1
Qe8 9. dxe5 dxe5 10. h3 c6 11. Qd6 Qe6 12. Qa3 Re8 13. Be3 Qe7 14. c5 Nc7 15.
b4 Nh5 16. Bg5 Qf8 17. Bc4 Ne6 18. Rad1 Nhf4 19. Rd6 h6 20. Bxf4 Nxf4 21. b5
Be6 22. Bf1 Red8 23. bxc6 bxc6 24. Rxc6 Bd7 25. Rd6 Ne6 26. Red1 Nd4 27. Nd5
Be6 28. Nxd4 exd4 29. f4 Rxd6 30. cxd6 Bxd5 31. exd5 Rd8 32. Rb1 Rxd6 33. Qxa7
d3 34. Bxd3 Rxd5 35. Qa6 Rd6 36. Qb5 Qd8 37. Bc4 Rb6 38. Bxf7+ Kxf7 39. Qc4+
Kf8 40. Rxb6 Bd4+ 41. Kh2 Qxb6 42. h4 Bg1+ 43. Kh3 Kg7 44. Qd5 Qe3+ 45. g3 Bf2
46. Qd7+ Kf6 47. Qd8+ Kf7 48. Qd7+ Kf6 49. Qd8+ Kf7 50. Qd7+ Kf6 1/2-1/2

[Event "40. Bosna Open 2010"]
[Site "Sarajevo BIH"]
[Date "2010.05.13"]
[Round "9.40"]
[White "Ozturk, Kubra"]
[Black "Arapovic, Vitomir"]
[Result "0-1"]
[WhiteElo "2273"]
[BlackElo "2366"]
[PlyCount "90"]
[EventDate "2010.05.05"]
[EventType "swiss"]
[EventRounds "10"]
[EventCountry "BIH"]
[Source "lmi"]
[SourceDate "2010.05.05"]

1. d4 g6 2. c4 Bg7 3. Nf3 d6 4. g3 Nd7 5. Bg2 e5 6. Nc3 Ngf6 7. O-O O-O 8. e4
Re8 9. Re1 c6 10. h3 a5 11. b3 exd4 12. Nxd4 Nc5 13. Bf4 Bf8 14. Qc2 Qb6 15.
Rad1 a4 16. Rb1 axb3 17. axb3 Ne6 18. Nxe6 Bxe6 19. Na4 Qa5 20. Bd2 Qc7 21. f4
Bc8 22. Kh2 h5 23. Bc3 Nd7 24. Bb2 Bg7 25. Bxg7 Kxg7 26. Qc3+ Kg8 27. Qd4 Ra5
28. Rbd1 Nc5 29. Nxc5 dxc5 30. Qf6 Ra2 31. f5 Kh7 32. fxg6+ fxg6 33. Rd6 Qg7
34. g4 hxg4 35. hxg4 Bxg4 36. Qh4+ Qh6 37. Qxh6+ Kxh6 38. Kg3 Kg5 39. e5 Ra3
40. Re3 Be6 41. Be4 Re7 42. Kf2 Ra2+ 43. Kg3 Rb2 44. Rd8 Rh7 45. Bg2 Rh4 0-1

[Event "40. Bosna Open 2010"]
[Site "Sarajevo BIH"]
[Date "2010.05.14"]
[Round "10.21"]
[White "Rachela, Milan"]
[Black "Kosintseva, Nadezhda"]
[Result "0-1"]
[WhiteElo "2400"]
[BlackElo "2553"]
[PlyCount "116"]
[EventDate "2010.05.05"]
[EventType "swiss"]
[EventRounds "10"]
[EventCountry "BIH"]
[Source "lmi"]
[SourceDate "2010.05.05"]

1. Nf3 d5 2. c4 c6 3. e3 Nf6 4. Nc3 g6 5. Qb3 Bg7 6. d4 O-O 7. Bd2 e6 8. h4
Nbd7 9. Be2 b6 10. h5 Bb7 11. hxg6 hxg6 12. cxd5 cxd5 13. Ng5 Rc8 14. f4 Nb8
15. g4 Nc6 16. Nd1 Ne4 17. Nxe4 dxe4 18. Rh3 Qe7 19. Nf2 Rfd8 20. Bc3 Na5 21.
Qd1 Nc4 22. Qa4 Bd5 23. g5 Qb7 24. Ng4 b5 25. Qb4 a5 26. Nf6+ Bxf6 27. Qxc4
Bxc4 28. gxf6 Qd7 29. Bg4 Bf1 30. Kxf1 Rxc3 31. bxc3 Rc8 32. Kf2 Qd8 33. Rb1 b4
34. cxb4 axb4 35. Rxb4 Qxf6 36. Be2 Qe7 37. Rc4 Ra8 38. Rc2 Qa3 39. Rh1 Kg7 40.
Bc4 Re8 41. Rhc1 Rh8 42. Bf1 Rh2+ 43. Bg2 Rxg2+ 44. Kxg2 Qxe3 45. a4 Qf3+ 46.
Kg1 Qg3+ 47. Kh1 Qxf4 48. Ra1 e3 49. Raa2 Qf1+ 50. Kh2 f5 51. a5 f4 52. a6 f3
53. a7 e2 54. Rxe2 fxe2 55. a8=Q e1=Q 56. Ra7+ Kh6 57. Qh8+ Kg5 58. Qd8+ Kg4
0-1

[Event "40. Bosna Open 2010"]
[Site "Sarajevo BIH"]
[Date "2010.05.14"]
[Round "10.22"]
[White "Solak, Dragan"]
[Black "Willemze, Thomas"]
[Result "1-0"]
[WhiteElo "2547"]
[BlackElo "2408"]
[PlyCount "77"]
[EventDate "2010.05.05"]
[EventType "swiss"]
[EventRounds "10"]
[EventCountry "BIH"]
[Source "lmi"]
[SourceDate "2010.05.05"]

1. e4 c6 2. d4 d5 3. Nc3 dxe4 4. Nxe4 Bf5 5. Nc5 b6 6. Nb3 e6 7. Nf3 Bd6 8. g3
Ne7 9. Bg2 Nd7 10. O-O h6 11. Nbd2 Rc8 12. Nc4 Bb8 13. b3 O-O 14. Qe2 Nd5 15.
Bb2 b5 16. Nce5 b4 17. Nc4 Re8 18. Rfe1 Bg4 19. Qd2 Nf8 20. Nfe5 Bf5 21. a3 a5
22. axb4 f6 23. Nd3 axb4 24. Nxb4 Nxb4 25. Qxb4 Bxc2 26. Na5 Bd6 27. Qc4 Bg6
28. Nxc6 Qd7 29. Rac1 Bf7 30. b4 Ng6 31. b5 Ne7 32. Nxe7+ Bxe7 33. Bc6 Qc7 34.
Rxe6 Qb6 35. Qe2 Bxe6 36. Qxe6+ Kh8 37. Qf7 Qa5 38. Rf1 Ba3 39. Bxe8 1-0